| 000 | 00465nam a22001697a 4500 | ||
|---|---|---|---|
| 005 | 20250605075114.0 | ||
| 008 | 250605b |||||||| |||| 00| 0 eng d | ||
| 020 | _a9780639017129 | ||
| 041 | _aEnglish | ||
| 082 | _a343.4 INC | ||
| 100 | _lEnglish | ||
| 245 | _aIncome Tax Legislation | ||
| 260 |
_aDurban: _bLexisNexis (Pty) Ltd _c2025 |
||
| 300 |
_bvii, 647 pages; _c26 cm. |
||
| 650 |
_aLegal practice _bLaw |
||
| 942 |
_cBK _6ALISON_BN_VRIES |
||
| 999 |
_c3309 _d3309 |
||